<?xml version="1.0" encoding="UTF-8"?>
<record
    xmlns:xsi="http://www.w3.org/2001/XMLSchema-instance"
    xsi:schemaLocation="http://www.loc.gov/MARC21/slim http://www.loc.gov/standards/marcxml/schema/MARC21slim.xsd"
    xmlns="http://www.loc.gov/MARC21/slim">

  <leader>00947nam a22001817a 4500</leader>
  <controlfield tag="008">120719t        xxu||||| |||| 00| 0 eng d</controlfield>
  <datafield tag="020" ind1=" " ind2=" ">
    <subfield code="a">007283434</subfield>
  </datafield>
  <datafield tag="050" ind1=" " ind2=" ">
    <subfield code="a">QA76.9.D3 C83</subfield>
  </datafield>
  <datafield tag="100" ind1=" " ind2=" ">
    <subfield code="a">Coulthard, Glen J.</subfield>
  </datafield>
  <datafield tag="245" ind1=" " ind2=" ">
    <subfield code="a">Microsoft office access: complete edition. /</subfield>
    <subfield code="c">Glen J. Coulthard and Sarah Hutchinson Clifford.</subfield>
  </datafield>
  <datafield tag="260" ind1=" " ind2=" ">
    <subfield code="a">Boston:</subfield>
    <subfield code="b">McGraw Hill,</subfield>
    <subfield code="c">c2004.</subfield>
  </datafield>
  <datafield tag="300" ind1=" " ind2=" ">
    <subfield code="a">xxiii, 718 + various pagings:</subfield>
    <subfield code="b">ill.;</subfield>
    <subfield code="c">28cm.</subfield>
  </datafield>
  <datafield tag="500" ind1=" " ind2=" ">
    <subfield code="a">Includes index.</subfield>
  </datafield>
  <datafield tag="505" ind1=" " ind2=" ">
    <subfield code="a">Contents: Working with access 2003 -- Creating a database -- Organizing and retrieving data -- Presenting and managing data -- Working with tables -- Creating select queries -- Creating advanced queries -- Creating forms, reports, and pages -- Designing complex forms, reports, and pages -- Automating and extending -- Appendix: Introducing visual basic for applications.</subfield>
  </datafield>
  <datafield tag="650" ind1=" " ind2=" ">
    <subfield code="b">Microsoft office-access 2003.</subfield>
  </datafield>
  <datafield tag="700" ind1=" " ind2=" ">
    <subfield code="a">Clifford, Sarah Hutchinson</subfield>
  </datafield>
  <datafield tag="942" ind1=" " ind2=" ">
    <subfield code="2">lcc</subfield>
    <subfield code="c">BK</subfield>
  </datafield>
  <datafield tag="999" ind1=" " ind2=" ">
    <subfield code="c">1765</subfield>
    <subfield code="d">9265</subfield>
  </datafield>
  <datafield tag="952" ind1=" " ind2=" ">
    <subfield code="0">0</subfield>
    <subfield code="1">0</subfield>
    <subfield code="2">lcc</subfield>
    <subfield code="4">0</subfield>
    <subfield code="7">0</subfield>
    <subfield code="a">WIUC-1</subfield>
    <subfield code="b">WIUC-1</subfield>
    <subfield code="c">GEN</subfield>
    <subfield code="d">2012-07-19</subfield>
    <subfield code="l">0</subfield>
    <subfield code="o">QA76.9.D3 C83</subfield>
    <subfield code="p">5166/12</subfield>
    <subfield code="r">2012-07-19 00:00:00</subfield>
    <subfield code="t">1</subfield>
    <subfield code="w">2012-07-19</subfield>
    <subfield code="y">BK</subfield>
  </datafield>
  <datafield tag="952" ind1=" " ind2=" ">
    <subfield code="0">0</subfield>
    <subfield code="1">0</subfield>
    <subfield code="2">lcc</subfield>
    <subfield code="4">0</subfield>
    <subfield code="7">0</subfield>
    <subfield code="a">WIUC-1</subfield>
    <subfield code="b">WIUC-1</subfield>
    <subfield code="c">GEN</subfield>
    <subfield code="d">2012-07-19</subfield>
    <subfield code="l">0</subfield>
    <subfield code="o">QA76.9.D3 C831</subfield>
    <subfield code="p">5167/12</subfield>
    <subfield code="r">2012-07-19 00:00:00</subfield>
    <subfield code="t">2</subfield>
    <subfield code="w">2012-07-19</subfield>
    <subfield code="y">BK</subfield>
  </datafield>
  <datafield tag="952" ind1=" " ind2=" ">
    <subfield code="0">0</subfield>
    <subfield code="1">0</subfield>
    <subfield code="2">lcc</subfield>
    <subfield code="4">0</subfield>
    <subfield code="7">0</subfield>
    <subfield code="a">WIUC-1</subfield>
    <subfield code="b">WIUC-1</subfield>
    <subfield code="c">GEN</subfield>
    <subfield code="d">2012-07-19</subfield>
    <subfield code="l">0</subfield>
    <subfield code="o">QA76.9.D3 C832</subfield>
    <subfield code="p">5168/12</subfield>
    <subfield code="r">2012-07-19 00:00:00</subfield>
    <subfield code="t">3</subfield>
    <subfield code="w">2012-07-19</subfield>
    <subfield code="y">BK</subfield>
  </datafield>
</record>
